| 000 | 00445nam a22001817a 4500 | ||
|---|---|---|---|
| 005 | 20230128114446.0 | ||
| 008 | 230124b |||||||| |||| 00| 0 eng d | ||
| 020 | _a978-9393168-28-3 | ||
| 041 | _aeng | ||
| 082 | _a631.52 SIN-P | ||
| 100 |
_aSINGH ,B.D. _96918 |
||
| 245 | _aA TEXT BOOK OF PLANT BREEDING | ||
| 250 | _a5th ed. | ||
| 260 |
_bMIDTECH SCIENCE PRESS _c2023 |
||
| 300 | _a589;P. | ||
| 650 |
_aAGRICULTURE _92837 |
||
| 942 | _cBK | ||
| 999 |
_c8194 _d8192 |
||